| 000 | 00991nam a22002537a 4500 | ||
|---|---|---|---|
| 005 | 20080905095434.0 | ||
| 008 | 080905t xxu||||| |||| 00| 0 eng d | ||
| 010 | _aENG-90941 | ||
| 020 |
_a9788178803555 _c750.00 |
||
| 035 | _aEN-74474 | ||
| 037 | _bDBAD / PUB | ||
| 040 |
_aDPl _bEnglish |
||
| 082 | _a363.34 | ||
| 100 | _aSingh, B.K. | ||
| 245 |
_aHandbook of disaster management: _cby B.K. Singh _btechniques and guidelines / |
||
| 260 |
_aNew Delhi _bRajat Publications _c2008 |
||
| 270 |
_a4675/21,Ansari Road, Darya Ganj, _bNew Delhi _e110002 _k23267924,22507277 |
||
| 300 |
_avi, 312p. _c23 cm (Hb) |
||
| 500 | _aIncludes bibliographical references and index | ||
| 650 | _aEmergency management | ||
| 650 |
_aDisaster relief _xManagement _xHandbook, manual,etc. |
||
| 942 |
_2ddc _cEN _mSIN _h363.34 |
||
| 999 |
_c15359 _d15359 |
||